Wszystkie piosenki i skity na których wystąpił Mata - Statystyki

Ogólne statystyki
  • Ten quiz został rozwiązany 176 razy
    148 od ostatniego zresetowania
  • Średni wynik to 42 z 88
Statystyki odpowiedzi
Hint Odpowiedź % Poprawnych
Kiss cam
80%
(Singiel - SB Maffija) 100/10 MIXTAPE
78%
Szafir
74%
Schodki
73%
100 dni do matury
72%
GOMBAO 33
72%
Papuga
72%
Patointeligencja
71%
Patoreakcja
70%
Szmata
69%
Faka
66%
LUCKY
66%
SKUTE BOBO
66%
FUMAR MATA CAMEL
65%
KLUBOWE
65%
Blok
64%
Ziomalski Mixtape - Żabson Aromatyczne Przyprawy
62%
Mata Montana
62%
Prawy do Lewego
62%
A nie pamiętasz jak?
61%
Lezore
61%
Piszę to na matmie
61%
Żółte flamastry i grube katechetki
61%
Kontrakt
60%
La La La (Oh Oh)
60%
Biblioteka Trap
59%
Diss na prof. *****
58%
2001
57%
67-410
57%
L&M
57%
Nero
57%
Męskie Granie 2020 - Męskie Granie Orkiestra 2020 Nero
57%
KC
56%
Kurtz
56%
#fundacja420 (jako SKUTE BOBO) CICHO
55%
Hotel Maffija 2 - SB Maffija (jako GOMBAO 33) Łyk i buch
55%
Pele
55%
Cafe PRL
54%
WHITE MINT
54%
H8 - Białas Drift
53%
Młody Matczak IKEA (intro)
53%
Nasza klasa ale to DRILL
53%
Rockstar: Do zachodu słońca - White 2115 Oh oh (lalala)
53%
Hotel Maffija 2 - SB Maffija (jako SKUTE BOBO) Parapetówa
53%
H8M5 - Białas PDW
53%
Młody Bachor (outro)
51%
Skit (skit)
51%
Tango
51%
Brum brum
50%
ROMANTIC PSYCHO - Quebonafide ASPARTAM
49%
Blok (skit)
49%
Dzwoni papuga (skit)
49%
Konkubinat
49%
15,2 (FREESTYLE)
48%
GOLD
48%
Hotel Maffija - SB Maffija Hotel Maffija
48%
100 dni do matury Intro (do nauki)
48%
Homo ludens
47%
Zielona szkoła
47%
WYSPA NADZIEI
46%
NOBOCOTEL
44%
100 dni po maturze 100 dni do matury (outro)
40%
Bros before hoes (skit)
39%
SAUCE - Deemz (jako GOMBAO 33) I Took A Pill In Remiza
39%
Wino Sangrita (s01e01)
39%
(Singiel) MC
36%
Murem za Bonusem - Białas (jako SKUTE BOBO) TOP 10
36%
Halellujah (Cover)
35%
Biorę się w garść
33%
?
31%
Maffija jest na zawsze - SB Maffija Co Ty na to?
30%
Znowu razem
30%
(Singiel ft. Yah00) NBCT Freestyle
29%
Pokój zero - Solar Zobaczymy
28%
#Hot16challenge2 - SB Maffija Mata #hot16challenge2
21%
WE DON'T KNOW WHO DID THIS BEAT IF IT'S YOU PLEASE DM US WE HAVE MONEY (skit)
21%
(Singiel) JESTEM POJ384NY
20%
Dziadyga Freestyle SKIT
19%
Hotel Maffija (Deluxe) - SB Maffija Dzieci we mgle
19%
Sam sobie jadę
17%
(Singiel) PATOPROHIBICJA (28.01.2022)
15%
I Took A Pill In Remiza - Nocny REMIX
8%
(Singiel ft. Flaspe) Schodki (Remix)
7%
(Singiel - SB Maffija) Wizja Lokalna: Kamień
6%
Znowu Razem Mixtape - SB Maffija NOBOCOTEL - CD Remix
5%
(Singiel jako GOMBAO 33) GOMBAO 33 - #hot16challenge2 (snoop dogg diss)
2%
(Singiel ft. WIXAPOL) PATOINTELIGENCJA (REMIX ZAJEBI$TY)
2%
Znowu razem - NOBOCOTOdlaWas Remix
1%
Nie znaleziono quizów pasujących do podanych kryteriów
Rozkład punktacji
Procent ludzi z każdym wynikiem
Percentyl według liczby udzielonych odpowiedzi
Twoja historia wyników
Nie rozwiązałeś tego quizu od ostatniego zresetowania